000 00910nam a2200277 i 4500
001 000046554
003 DO-SdBNP
005 20251001133348.0
007 ta
008 150825s2007 dr a 000 0 spa d
020 _a9993458430
040 _aDO-SdBNP
_bspa
_cBNPHU
_erda
041 _aspa
082 4 _axxx
_bxxx
_222
100 1 _aGarcía González, Nancy,
_eautor
_4aut.
_974543
245 1 0 _aAtrapada en otro cuerpo :
_bla vida de un transexual cubano /
_cNancy García González
264 4 _aSanto Domingo :
_bEditora Centenario,
_c2007.
300 _a248 páginas :
_bilustraciones ;
_c21 cm.
336 _atexto
_btxt
_2rdacontent
337 _asin mediación
_bn
_2rdamedia
338 _avolumen
_bnc
_2rdacarrier
500 _aIncluye datos biografícos del autor en la solapa de la cubierta
504 _aBibliografía : páginas 246-247
590 _aInventariado, 2025/BT
942 _2ddc
_cLBS1
999 _c46043
_d46043